000 00393nam a2200157Ia 4500
008 230917s9999||||xx |||||||||||||| ||und||
040 _e99346
_aMAIN
041 _aEnglish
082 _a361 M792S
100 _aMorales, Armando
245 0 _aSocial work: A profession of many faces
250 _a2nd ed.
260 _aBoston
_bAllyn and Bacon
_c1980
300 _axv, 362 p.
942 _cBK
999 _c225271
_d225271